Cellular and molecular immunology / (Record no. 51650)

MARC details
000 -LEADER
fixed length control field 00635nam a2200241Ia 4500
005 - DATE AND TIME OF LATEST TRANSACTION
control field 20260429111949.0
008 - FIXED-LENGTH DATA ELEMENTS--GENERAL INFORMATION
fixed length control field 260429s9999||||xx |||||||||||||| ||und||
020 ## - INTERNATIONAL STANDARD BOOK NUMBER
International Standard Book Number 9780443283581
041 ## - LANGUAGE CODE
Language English
082 ## - DEWEY DECIMAL CLASSIFICATION NUMBER
Classification number 571.96
Item number ABB
100 ## - MAIN ENTRY--PERSONAL NAME
Personal name Abbas, Abul K.
245 #0 - TITLE STATEMENT
Title Cellular and molecular immunology /
Statement of responsibility, etc Abul K. Abbas
250 ## - EDITION STATEMENT
Edition statement 11th ed.
260 ## - PUBLICATION, DISTRIBUTION, ETC. (IMPRINT)
Place of publication, distribution, etc United States :
Name of publisher, distributor, etc Elsevier,
Date of publication, distribution, etc 2026.
300 ## - PHYSICAL DESCRIPTION
Extent xi, 578 p.; pbk
650 ## - SUBJECT ADDED ENTRY--TOPICAL TERM
Topical term or geographic name as entry element Immunology
650 ## - SUBJECT ADDED ENTRY--TOPICAL TERM
Topical term or geographic name as entry element Biology
700 ## - ADDED ENTRY--PERSONAL NAME
Personal name Baker, David L.
700 ## - ADDED ENTRY--PERSONAL NAME
Personal name Henrickson, Sarah E.
700 ## - ADDED ENTRY--PERSONAL NAME
Personal name Lichtman, Andrew H.
700 ## - ADDED ENTRY--PERSONAL NAME
Personal name Pillai, Shiv
942 ## - ADDED ENTRY ELEMENTS (KOHA)
Koha item type Text Books
Holdings
Withdrawn status Lost status Damaged status Not for loan Collection code Home library Location Shelving location Date of Cataloging Source of acquisition Total Checkouts Full call number Barcode Date last seen Price effective from Koha item type
        Non-fiction CUTN Central Library CUTN Central Library Sciences 29/04/2026 Chennai Book Agency, Chennai - Invoice No. 24-25/0155 on 10-02-2026   571.96 ABB 56678 29/04/2026 29/04/2026 Text Books